000 00771nam a22002291i 4500
001 000029967
003 RuMoIPM
005 20260316114807.0
008 130115s1969----ru | c rus
035 _abiblionumber
040 _aRuMoIPM
_brus
_ercr
041 0 _arus
080 _a51(07)
100 1 _aВыгодский, Марк Яковлевич
245 1 _aВысшая математика
_bДля техникумов
_cМ. Я. Выгодский
250 _a3-е изд.
260 _aМосква
_bВысшая школа
_c1969
300 _a446 с.
_bил.
500 _a2-е изд. вышло под загл.: Краткий учебник высшей математики
650 _2psbo
_aМатематика высшая
942 _cBK
999 _c29967
_d29967